| 000 | 00551nam a22001817a 4500 | ||
|---|---|---|---|
| 005 | 20250519143453.0 | ||
| 010 | _aENG-144963 | ||
| 020 |
_a9788192557312 _c750.00 |
||
| 035 | _aEN-128495 | ||
| 037 | _bDBAD | ||
| 082 | _a954.05 | ||
| 100 |
_aBeri, Vikas _981268 |
||
| 245 |
_aThe Hero Of Haldighati/ _cVikas Beri _bMaharana Pratap |
||
| 260 |
_aNew Delhi _bJ. K. Computers, _c2017 |
||
| 270 |
_a1st Floor, H-1/48, Bengali Colony Mahaveer Enclave _bNew Delhi _e110045 |
||
| 300 |
_a200P _c23(HB) |
||
| 942 |
_2ddc _cEN _h954.05 _mBER |
||
| 999 |
_c211339 _d211339 |
||